Получение и исследование биоконъюгатов наночастиц серебра; Химия и химическая технология в XXI веке

Λεπτομέρειες βιβλιογραφικής εγγραφής
Parent link:Химия и химическая технология в XXI веке.— 2018.— [С. 311-312]
Κύριος συγγραφέας: Галдецкая К. А.
Συγγραφή απο Οργανισμό/Αρχή: Национальный исследовательский Томский политехнический университет Инженерная школа природных ресурсов Отделение химической инженерии
Άλλοι συγγραφείς: Христунова Е. Екатерина (научный руководитель), Дорожко Е. В. Елена Владимировна
Περίληψη:Заглавие с экрана
Γλώσσα:Ρωσικά
Έκδοση: 2018
Σειρά:Теоретические и прикладные аспекты физической и аналитической химии
Теоретические и прикладные аспекты фармации и биотехнологии
Θέματα:
Διαθέσιμο Online:http://earchive.tpu.ru/handle/11683/49772
Μορφή: MixedMaterials Ηλεκτρονική πηγή Κεφάλαιο βιβλίου
KOHA link:https://koha.lib.tpu.ru/cgi-bin/koha/opac-detail.pl?biblionumber=626928

MARC

LEADER 00000naa2a2200000 4500
001 626928
005 20231101133433.0
035 |a (RuTPU)RU\TPU\conf\26601 
035 |a RU\TPU\conf\26564 
090 |a 626928 
100 |a 20180808d2018 k y0rusy50 ca 
101 0 |a rus 
102 |a RU 
105 |a y z 101zy 
135 |a drgn ---uucaa 
181 0 |a i  
182 0 |a b 
200 1 |a Получение и исследование биоконъюгатов наночастиц серебра  |f К. А. Галдецкая, Е. Христунова  |g науч. рук. Е. В. Дорожко 
203 |a Текст  |c электронный 
225 1 |a Теоретические и прикладные аспекты физической и аналитической химии 
225 1 |a Теоретические и прикладные аспекты фармации и биотехнологии 
230 |a 1 компьютерный файл (pdf; 763 Kb) 
300 |a Заглавие с экрана 
320 |a [Библиогр.: с. 312 (3 назв.)] 
463 0 |0 (RuTPU)RU\TPU\conf\26227  |t Химия и химическая технология в XXI веке  |o материалы XIX Международной научно-практической конференции студентов и молодых ученых имени профессора Л. П. Кулёва, 21-24 мая 2018 г., г. Томск  |f Национальный исследовательский Томский политехнический университет  |v [С. 311-312]  |d 2018 
610 1 |a электронный ресурс 
610 1 |a труды учёных ТПУ 
610 1 |a биоконъюгаты 
610 1 |a серебро 
610 1 |a наночастицы 
610 1 |a наноматериалы 
610 1 |a биомедицинское применение 
610 1 |a антитела 
610 1 |a вирусы 
610 1 |a клещевой энцефалит 
700 1 |a Галдецкая  |b К. А. 
701 1 |a Христунова  |b Е.  |c химик  |c инженер Томского политехнического университета  |f 1992-  |g Екатерина  |2 stltpush  |3 (RuTPU)RU\TPU\pers\39740 
702 1 |a Дорожко  |b Е. В.  |c химик  |c инженер Томского политехнического университета  |f 1979-  |g Елена Владимировна  |2 stltpush  |4 727 
712 0 2 |a Национальный исследовательский Томский политехнический университет  |b Инженерная школа природных ресурсов  |b Отделение химической инженерии  |h 8085  |2 stltpush  |3 (RuTPU)RU\TPU\col\23513 
801 2 |a RU  |b 63413507  |c 20180821  |g RCR 
856 4 |u http://earchive.tpu.ru/handle/11683/49772 
942 |c BK